| 000 | 01073cam a2200277 4500 | ||
|---|---|---|---|
| 001 | WS122001 | ||
| 008 | 030415n 000 0 eng u | ||
| 035 | _a(Sirsi) u122001 | ||
| 110 |
_aVictorian Society _94436 |
||
| 245 | _aVictorian Society | ||
| 520 | _aWeb site for this society responsible for the study and protection of Victorian and Edwardian architecture and other arts. Includes details of how to research a house's history, how to save threatened buildings and how to conserve a property. Also gives details of their publications and lecture programme. | ||
| 650 | _aLISTED BUILDINGS | ||
| 650 | _aVICTORIAN ARCHITECTURE | ||
| 650 | _aEDWARDIAN ARCHITECTURE | ||
| 650 | _aWINDOWS | ||
| 650 | _aFIREPLACES | ||
| 650 | _aINTERIOR DECORATION | ||
| 650 | _aPAINT | ||
| 650 | _aTILES | ||
| 650 | _aORGANISATION | ||
| 650 |
_aArts and antiques _96217 |
||
| 650 | _aARCHITECTURE | ||
| 690 | _aBUILDING CONSERVATION | ||
| 856 | 4 | 0 |
_uhttps://www.victorian-society.org.uk _zView the website free of charge at www.victorian-society.org.uk... |
| 942 | _n0 | ||
| 999 |
_c120266 _d120266 |
||